000 00487nam a2200193Ia 4500
008 220531s9999 xx 000 0 und d
020 _a978-93-89825-00-8
041 _aeng
082 _bLIN / TAK
100 _aTakale, K. & Others
_980137
245 _aLinear Algebra
250 _a1ST
260 _aPune
_bNirali
_c2019
300 _a114
542 _d03-01-2020
650 _aMathematics
_980138
906 _cF.Y.B.S.C.(Comp.)
_d2019-2020
_f18274
999 _c44312
_d44312